| 000 | 00644nam a2200301Ia 4500 | ||
|---|---|---|---|
| 005 | 20260401122424.0 | ||
| 008 | 008 250103s9999 xx 000 0 eng d | ||
| 020 | _a9780415336390 | ||
| 037 | _aTB | ||
| 040 | _aEDL | ||
| 040 | _beng | ||
| 040 | _cEDL | ||
| 041 | _2eng | ||
| 041 | _aeng | ||
| 084 | _a809.93 BHA | ||
| 084 | _qEDL | ||
| 100 |
_aBhabha, Homi K. _91232950 |
||
| 245 | 0 | _aLocation of culture | |
| 245 | 0 | _cBhabha, Homi K. | |
| 260 | _aLondon | ||
| 260 | _bRoutledge | ||
| 260 | _c1994 | ||
| 300 | _a408p | ||
| 942 | _cTB | ||
| 942 | _h809.93 BHA | ||
| 999 |
_c1847170 _d1847170 |
||